000 00318 a2200109 4500
001 ART_12665
005 20260410161908.0
008 260409a
245 1 0 _aOn the economics of philanthropy
100 1 _aSugden, Robert
773 0 _tThe Economic Journal
_g- Vol. 92, NÂș 366 (jun. 1982)
_wREV12512
999 _c26558
_d26558